Rius d'Espanya amb un mapa - Statistics

General Stats
  • This quiz has been taken 12 times
  • The average score is 8 of 13
Answers on the Map
Answers color-coded by a green-red scale on the quiz's map according to % correct below.
 
Answer Stats
Rius Longitud % Correct
Riu Ebre 928 km
100%
Riu Guadalquivir 657 km
92%
Riu Tajo 1007 km
92%
Riu Duero 897 km
83%
Riu Guadiana 744 km
83%
Riu Miño 318 km
83%
Riu Xúquer 498 km
83%
Riu Segura 325 km
75%
Riu Jarama 190 km
33%
Riu Pisuerga 280 km
33%
Riu Esla 288 km
25%
Riu Genil 358 km
25%
Riu Jalón 224 km
25%
No matching quizzes found
Score Distribution
Percent of People with Each Score
Percentile by Number Answered
Your Score History
You have not taken this quiz